Trusted Mobile Phone Applications on the cloud (Record no. 10601)
[ view plain ]
| 000 -LEADER | |
|---|---|
| fixed length control field | 00524 a2200145 4500 |
| 082 ## - DEWEY DECIMAL CLASSIFICATION NUMBER | |
| Classification number | . |
| 100 ## - MAIN ENTRY--PERSONAL NAME | |
| Personal name | Hina Zafar |
| 9 (RLIN) | 92317 |
| 245 ## - TITLE STATEMENT | |
| Title | Trusted Mobile Phone Applications on the cloud |
| Statement of responsibility, etc. | Nazia Nawaz |
| 260 ## - PUBLICATION, DISTRIBUTION, ETC. | |
| Place of publication, distribution, etc. | Islamabad |
| Name of publisher, distributor, etc. | NUST School of Electrical Engineering and Computer Science |
| Date of publication, distribution, etc. | 2011 |
| 300 ## - PHYSICAL DESCRIPTION | |
| Extent | ,52 p. |
| Other physical details | : ill |
| Dimensions | ; 27 cm. |
| Accompanying material | CD-ROM |
| 500 ## - GENERAL NOTE | |
| General note | Supervisor : Dr.Zahid Anwar, Mr.Qasim Rajpoot |
| 700 ## - ADDED ENTRY--PERSONAL NAME | |
| Personal name | Nazia Nawaz |
| 9 (RLIN) | 92318 |
| 856 ## - ELECTRONIC LOCATION AND ACCESS | |
| Uniform Resource Identifier | <a href="http://10.250.8.41:8080/xmlui/handle/123456789/28826">http://10.250.8.41:8080/xmlui/handle/123456789/28826</a> |
| 942 ## - ADDED ENTRY ELEMENTS (KOHA) | |
| Koha item type | Project Report |
| Call number prefix | BIT-9 HIN |
| Source of classification or shelving scheme | |
| Withdrawn status | Lost status | Source of classification or shelving scheme | Damaged status | Not for loan | Permanent Location | Current Location | Date acquired | Full call number | Barcode | Date last seen | Price effective from | Koha item type |
|---|---|---|---|---|---|---|---|---|---|---|---|---|
| WITHDRAWN | Central Library (CL) | Central Library (CL) | 07/03/2022 | BIT-9 HIN | SEECSP01000 | 11/14/2012 | 01/05/2017 | Project Report |
